Die spree met foete : Afrikaanse verwerkings van Annie M G Schmidt-verse (Record no. 418672)
[ view plain ]
| 000 -LEADER | |
|---|---|
| fixed length control field | 00330nam a2200097Ia 4500 |
| 082 ## - DEWEY DECIMAL CLASSIFICATION NUMBER | |
| Classification number | J 839.361 SCHM |
| 008 - FIXED-LENGTH DATA ELEMENTS--GENERAL INFORMATION | |
| fixed length control field | 210817s9999 xx 000 0 und d |
| 100 ## - MAIN ENTRY--PERSONAL NAME | |
| Personal name | SCHMIDT, Annie M G. Kaapstad, 2003 2de uitg |
| 9 (RLIN) | 98594 |
| 245 #0 - TITLE STATEMENT | |
| Title | Die spree met foete : Afrikaanse verwerkings van Annie M G Schmidt-verse |
| 942 ## - ADDED ENTRY ELEMENTS | |
| item type | Books |
No items available.